书目信息 |
| 题名: |
当代中国美术家档案
|
|
| 作者: | 郭怡孮 主编 | |
| 分册: | 中国画篇 | |
| 出版信息: | 北京 华艺出版社 2005 |
|
| 页数: | 293页 | |
| 开本: | 23cm | |
| 丛书名: | ||
| 单 册: | ||
| 中图分类: | J222.7 , K825.72=76 | |
| 科图分类: | ||
| 主题词: | 美术家--生平事迹--中国--现代 , 美术家 , 中国画 , 中国画--中国--现代--画册 | |
| 电子资源: | ||
| ISBN: | 7-80142-619-3 | |
| 000 | 00883nam0 2200265 450 | |
| 001 | 010700027312 | |
| 005 | 20070804152627.18 | |
| 010 | @a7-80142-619-3@dCNY66.00 | |
| 100 | @a20060725d2005 em y0chiy0110 ea | |
| 101 | 0 | @achi |
| 102 | @aCN@b110000 | |
| 105 | @aa z 000yd | |
| 200 | 1 | @a当代中国美术家档案@9dang dai zhong guo mei shu jia dang an@i中国画篇@i张道兴卷@f郭怡孮主编 |
| 210 | @a北京@c华艺出版社@d2005 | |
| 215 | @a293页@c图,照片@d23cm | |
| 330 | @a本书选入了张道兴先生多年来的主要绘画作品,以及有关画家的一些自传自叙性质的文章及生活写真、艺术年表等,以求全方位地展现画家。 | |
| 606 | 0 | @a美术家@x生平事迹@y中国@z现代 |
| 606 | 0 | @a美术家 |
| 606 | 0 | @a中国画 |
| 606 | 0 | @a中国画@y中国@z现代@j画册 |
| 690 | @aJ222.7@v4 | |
| 690 | @aK825.72=76@v4 | |
| 701 | 0 | @a郭怡孮@9guo yi cong@4主编 |
| 801 | 0 | @aCN@bRENTIAN@c20070804 |
| 905 | @a10447@dK825.72=76@e619 | |
| 当代中国美术家档案.中国画篇.张道兴卷/郭怡孮主编.-北京:华艺出版社,2005 |
| 293页:图,照片;23cm |
| ISBN 7-80142-619-3:CNY66.00 |
| 本书选入了张道兴先生多年来的主要绘画作品,以及有关画家的一些自传自叙性质的文章及生活写真、艺术年表等,以求全方位地展现画家。 |
| ● |
| 相关链接 |
|
|
|
|
正题名:当代中国美术家档案
索取号:K825.72=76/619
 
预约/预借
| 序号 | 登录号 | 条形码 | 馆藏地/架位号 | 状态 | 备注 |
| 1 | 0803832 | 208038327 | 第二样本阅览室/ [索取号:K825.72=76/619] | 在馆 | |
| 2 | 0803833 | 208038336 | 第二借阅区/ [索取号:K825.72=76/619] | 在馆 | |
| 3 | 0803834 | 208038345 | 第二借阅区/ [索取号:K825.72=76/619] | 在馆 | |
| 4 | 0803835 | 208038354 | 第二借阅区/ [索取号:K825.72=76/619] | 在馆 | |
| 5 | 0803836 | 208038363 | 第二借阅区/ [索取号:K825.72=76/619] | 在馆 | |
| 6 | 0803837 | 208038372 | 密集书库/ [索取号:K825.72=76/619] | 在馆 | |
| 7 | 0803838 | 208038381 | 密集书库/ [索取号:K825.72=76/619] | 在馆 | |
| 8 | 0803839 | 208038390 | 密集书库/ [索取号:K825.72=76/619] | 在馆 | |
| 9 | 0803840 | 208038407 | 密集书库/ [索取号:K825.72=76/619] | 在馆 | |
| 10 | 0803841 | 208038416 | 密集书库/ [索取号:K825.72=76/619] | 在馆 |